[Event "Mecklenburg VP LL 0506"]
[Site "Mecklenburg VP"]
[Date "2006.01.15"]
[Round "5.6"]
[White "Brusch, Guenter"]
[Black "Baier, Karsten"]
[Result "0-1"]
[WhiteElo "1731"]
[BlackElo "1900"]
[PlyCount "70"]
[EventDate "2005.10.23"]
[EventType "team"]
[EventRounds "9"]
[EventCountry "GER"]
[SourceTitle "EXT 2008"]
[Source "ChessBase"]
[SourceDate "2007.11.25"]
[SourceVersion "1"]
[SourceVersionDate "2007.11.25"]
[SourceQuality "1"]
[WhiteTeam "Schwerin II"]
[BlackTeam "Neubrandenburg SG Eintracht"]
[WhiteTeamCountry "GER"]
[BlackTeamCountry "GER"]

1. e4 e5 2. f4 Qh4+ 3. g3 Qe7 4. f5 d5 5. d3 dxe4 6. dxe4 Qb4+ 7. Nc3 Nf6 8. a3 Qb6 9. Bg5 Bc5 10. Nf3 h6 11. Bxf6 gxf6 12. Bc4 Ke7 13. b4 Bxb4 14. axb4 Qxb4 15. Qd2 Qxc4 16. 0-0-0 Qc5 17. Na4 Qa3+ 18. Kb1 Nd7 19. Nc3 Nb6 20. Qd3 Qb4+ 21. Ka1 Nc4 22. Rb1 Qa3+ 23. Na2 Qxd3 24. cxd3 Na3 25. Rbc1 Rd8 26. Rhd1 Nb5 27. Kb2 Nd4 28. Ne1 b6 29. Nb4 Bb7 30. Nbc2 c5 31. Nxd4 Rxd4 32. Nc2 Rd7 33. Ne3 Rad8 34. Ng4 Bxe4 35. Nxh6 Bf3 0-1

[Event "Mecklenburg VP LL 0506"]
[Site "Mecklenburg VP"]
[Date "2005.11.27"]
[Round "3.7"]
[White "Kalhorn, Stefan"]
[Black "Brusch, Guenter"]
[Result "1-0"]
[WhiteElo "2094"]
[BlackElo "1731"]
[PlyCount "97"]
[EventDate "2005.10.23"]
[EventType "team"]
[EventRounds "9"]
[EventCountry "GER"]
[SourceTitle "EXT 2008"]
[Source "ChessBase"]
[SourceDate "2007.11.25"]
[SourceVersion "1"]
[SourceVersionDate "2007.11.25"]
[SourceQuality "1"]
[WhiteTeam "Greifswald"]
[BlackTeam "Schwerin II"]
[WhiteTeamCountry "GER"]
[BlackTeamCountry "GER"]

1. d4 d5 2. c4 dxc4 3. Nf3 Nf6 4. Nc3 e6 5. e4 b6 6. Bxc4 Bb7 7. Qe2 Be7 8. 0-0 0-0 9. Bf4 Nbd7 10. h3 a6 11. a4 c5 12. d5 exd5 13. exd5 Nh5 14. Bh2 Re8 15. Qd3 g6 16. g4 Ng7 17. d6 Bf6 18. Nd5 Bxd5 19. Bxd5 Ra7 20. Rae1 Nf8 21. b3 Qc8 22. g5 Rxe1 23. Rxe1 Bb2 24. Re2 Ba1 25. Qd1 Bd4 26. Nxd4 cxd4 27. Rc2 Qf5 28. Rc7 Qxd5 29. Rxa7 Nf5 30. Qd3 Nxd6 31. Bxd6 Qxd6 32. Qf3 Nd7 33. Qb7 Ne5 34. Ra8+ Kg7 35. Qb8 Qxb8 36. Rxb8 Nd7 37. Rb7 Nc5 38. Rxb6 d3 39. Kf1 h5 40. gxh6+ Kxh6 41. b4 Nxa4 42. Rxa6 Nb2 43. Rd6 Kg5 44. Rd4 Kf5 45. Ke1 Ke5 46. Rd7 f5 47. b5 Ke6 48. Rd8 g5 49. Rd4 1-0

[Event "Mecklenburg VP LL 0405"]
[Site "Mecklenburg VP"]
[Date "2005.02.13"]
[Round "6.6"]
[White "Brusch, Guenter"]
[Black "Pruesse, Horst"]
[Result "1-0"]
[WhiteElo "1724"]
[BlackElo "1961"]
[PlyCount "55"]
[EventDate "2004.10.24"]
[EventType "team"]
[EventRounds "9"]
[EventCountry "GER"]
[SourceTitle "EXT 2009"]
[Source "ChessBase"]
[SourceDate "2008.11.26"]
[SourceVersion "1"]
[SourceVersionDate "2008.11.26"]
[SourceQuality "1"]
[WhiteTeam "Schwerin II"]
[BlackTeam "Neubrandenburg"]
[WhiteTeamCountry "GER"]
[BlackTeamCountry "GER"]

1. e4 c5 2. Nf3 e6 3. d4 cxd4 4. Nxd4 a6 5. Bd3 Nc6 6. Nxc6 bxc6 7. 0-0 d5 8. Be3 d4 9. Bf4 Nf6 10. c3 c5 11. cxd4 cxd4 12. Nd2 Bc5 13. Rc1 Qe7 14. Qc2 Nd7 15. Nb3 e5 16. Bg3 Bb6 17. Qe2 0-0 18. f4 a5 19. Nd2 Ba6 20. Kh1 Bxd3 21. Qxd3 Nc5 22. Qb5 Ba7 23. fxe5 Rab8 24. Qxa5 Rxb2 25. Nb3 Nxe4 26. Qc7 Nxg3+ 27. hxg3 Qg5 28. Qxf7+ 1-0

[Event "Mecklenburg VP LL 0405"]
[Site "Mecklenburg VP"]
[Date "2004.11.28"]
[Round "3.7"]
[White "Brusch, Guenter"]
[Black "Pentzien, Volker"]
[Result "0-1"]
[WhiteElo "1724"]
[BlackElo "1929"]
[PlyCount "170"]
[EventDate "2004.10.24"]
[EventType "team"]
[EventRounds "9"]
[EventCountry "GER"]
[SourceTitle "EXT 2009"]
[Source "ChessBase"]
[SourceDate "2008.11.26"]
[SourceVersion "1"]
[SourceVersionDate "2008.11.26"]
[SourceQuality "1"]
[WhiteTeam "Schwerin II"]
[BlackTeam "Wismar"]
[WhiteTeamCountry "GER"]
[BlackTeamCountry "GER"]

1. e4 d5 2. exd5 Qxd5 3. Nf3 Bg4 4. Be2 Nf6 5. Nc3 Qa5 6. 0-0 e6 7. d3 Bd6 8. h3 Bh5 9. Bd2 c6 10. Ne4 Qc7 11. Nxd6+ Qxd6 12. Re1 Nbd7 13. a4 0-0 14. b4 Nd5 15. c3 Nf4 16. Bxf4 Qxf4 17. Nd4 Bg6 18. Nf3 a5 19. Rb1 Rfd8 20. bxa5 Nc5 21. Rb4 Qf6 22. d4 Rxa5 23. Qa1 Ne4 24. c4 Rda8 25. Rxb7 Qf4 26. Qc1 Qxc1 27. Rxc1 Rxa4 28. Ne5 c5 29. Rcb1 Kf8 30. Nd7+ Ke8 31. dxc5 R8a7 32. c6 Nc3 33. Nb6 Be4 34. Nxa4 Rxa4 35. Rb8+ Ke7 36. c7 Nxe2+ 37. Kh2 Rxc4 38. c8Q Rxc8 39. Rxc8 Bxb1 40. Rb8 Be4 41. Rb2 Nc3 42. f3 Bg6 43. Rb4 Nd5 44. Rb3 f5 45. g3 Kf6 46. f4 h5 47. Rb7 Be8 48. h4 Bc6 49. Ra7 Ne3 50. Kg1 Nc4 51. Rc7 Bd5 52. Rc5 Nd6 53. Ra5 Ne4 54. Kh2 g6 55. Kh3 Nd2 56. Ra1 Nb3 57. Re1 Nc5 58. Ra1 Bf3 59. Kh2 Bg4 60. Rc1 Nd7 61. Kg2 Ke7 62. Rc6 Be2 63. Kf2 Bd1 64. Ke3 Bb3 65. Rc8 Bd1 66. Kd2 Bg4 67. Ke3 e5 68. Rg8 e4 69. Rxg6 Nf6 70. Rg7+ Ke6 71. Kd4 Bf3 72. Ra7 Ng4 73. Ra6+ Kd7 74. Kc3 e3 75. Kc2 Nf2 76. Ra3 Bd1+ 77. Kc1 e2 78. Kd2 Ne4+ 79. Ke1 Kd6 80. Ra6+ Kd5 81. Ra5+ Kd4 82. Rxf5 Nc5 83. Re5 Nd3+ 84. Kd2 Nxe5 85. fxe5 Kxe5 0-1